Days at the Morisaki bookshop / (Record no. 9564)

MARC details
000 -LEADER
fixed length control field 02242nam a22002657a 4500
001 - CONTROL NUMBER
control field 9564
003 - CONTROL NUMBER IDENTIFIER
control field FISKH
005 - DATE AND TIME OF LATEST TRANSACTION
control field 20260123144357.0
008 - FIXED-LENGTH DATA ELEMENTS--GENERAL INFORMATION
fixed length control field 260123b cb ||||| |||| 00| 0 eng d
020 ## - INTERNATIONAL STANDARD BOOK NUMBER
International Standard Book Number 9781786583239
040 ## - CATALOGING SOURCE
Original cataloging agency FISKH
Language of cataloging eng
Transcribing agency FISKH
Modifying agency FISKH
050 ## - LIBRARY OF CONGRESS CALL NUMBER
Classification number PL877.5 .A357 .M6713
082 ## - DEWEY DECIMAL CLASSIFICATION NUMBER
Classification number 895.63
100 ## - MAIN ENTRY--PERSONAL NAME
Personal name Yagisawa, Satoshi
Relator term Author
245 ## - TITLE STATEMENT
Title Days at the Morisaki bookshop /
Statement of responsibility, etc. Satoshi Yagisawa ; translated from the Japanese by Eric Ozawa
260 ## - PUBLICATION, DISTRIBUTION, ETC.
Place of publication, distribution, etc. London :
Name of publisher, distributor, etc. Manilla Press ,
Date of publication, distribution, etc. 2023
300 ## - PHYSICAL DESCRIPTION
Extent 169 pages :
Dimensions 20 cm
490 ## - SERIES STATEMENT
Series statement Morisaki bookshop
Volume/sequential designation 1
520 ## - SUMMARY, ETC.
Summary, etc. Twenty-five-year-old Takako has enjoyed a relatively easy existence, until the day her boyfriend Hideaki, the man she expected to wed, casually announces he's been cheating on her and is marrying the other woman. Suddenly, Takako's life is in freefall. She loses her job, her friends, and her acquaintances, and spirals into a deep depression. In the depths of her despair, she receives a call from her distant uncle Satoru. An unusual man who has always pursued something of an unconventional life, especially after his wife Momoko left him out of the blue five years earlier, Satoru runs a second-hand bookshop in Jimbocho, Tokyo's famous book district. Takako once looked down upon Satoru's life. Now, she reluctantly accepts his offer of the tiny room above the bookshop rent-free in exchange for helping out at the store. The move is temporary, until she can get back on her feet. But in the months that follow, Takako surprises herself when she develops a passion for Japanese literature, becomes a regular at a local coffee shop where she makes new friends, and eventually meets a young editor from a nearby publishing house who's going through his own messy breakup. But just as she begins to find joy again, Hideaki reappears, forcing Takako to rely once again on her uncle, whose own life has begun to unravel. Together, these seeming opposites work to understand each other and themselves as they continue to share the wisdom they've gained in the bookshop.
650 ## - SUBJECT ADDED ENTRY--TOPICAL TERM
Topical term or geographic name entry element Japanese fiction
Form subdivision Bookstore
650 ## - SUBJECT ADDED ENTRY--TOPICAL TERM
Topical term or geographic name entry element General fiction
Form subdivision Translated
700 ## - ADDED ENTRY--PERSONAL NAME
Personal name Ozawa, Eric
Relator term Translator
942 ## - ADDED ENTRY ELEMENTS (KOHA)
Source of classification or shelving scheme Dewey Decimal Classification
Koha item type Books
Suppress in OPAC No
Holdings
Withdrawn status Lost status Source of classification or shelving scheme Damaged status Not for loan Collection Home library Current library Shelving location Date acquired Total Checkouts Full call number Barcode Date last seen Copy number Price effective from Koha item type
    Dewey Decimal Classification     Fiction Footprints International School Library Network Toul Tom Poung Campus Footprints International School Library Network Toul Tom Poung Campus TTP Secondary Fiction Bookshelves 01/23/2026   YAG 895.63 PL877.5 .A357 .M6713 2026-0081 03/09/2026 1 01/23/2026 Books